000 00892cam a2200277 4500
001 ##L134760
008 060830n2006 000 0 eng u
020 _a0860176568
035 _a(Sirsi) u134760
041 0 _aeng
050 0 4 _a624.2 $2 18
100 1 _aMcKibbins, Leo D.
245 0 0 _aMasonry arch bridges
_bcondition, appraisal and remedial treatment
260 _aLondon
_bCIRIA
_c2006
300 _a342p.
_bill.
_c30cm.
350 _a120
490 0 _aCIRIA
_vC656
520 _aProvides guidance to managers, engineers and contractors on the condition assessment, repair and maintenance of brick and stone bridges. Includes case studies showing good practice.
590 _aIKA190906
651 4 _aUnited Kingdom
_y
690 _aPROPERTY-INFRASTRUCTURE
700 1 _aMelbourne, Clive
700 1 _aSawar, Nisar
700 1 _aGaillard, Carlos Sicilia
942 _n0
999 _c105797
_d105797